000
00263nam a2200097Ia 4500
082
_a
LPEF GREY
245
0
_a
Tansy's children
100
_a
GREY, Alice Bath, 2009 Large print ed
_9
42204
942
_c
BK
008
210817s9999 xx 000 0 und d
999
_c
373623
_d
373622